Softvérová podpora na prognózovanie migrácie pracovných síl
Prehľad vybraných softvérových programov, ktoré sú vhodné pre prognózovanie migrácie pracovných síl.
Guardado en:
| Autor principal: | |
|---|---|
| Formato: | Capítulo de libro |
| Lenguaje: | eslovaco |
| Materias: | |
| Etiquetas: |
Sin Etiquetas, Sea el primero en etiquetar este registro!
|
MARC
| LEADER | 00000naa a2200000 4500 | ||
|---|---|---|---|
| 001 | 0144999 | ||
| 005 | 20220715093929.1 | ||
| 041 | 0 | |a slo | |
| 044 | |a SK | ||
| 245 | 1 | 0 | |a Softvérová podpora na prognózovanie migrácie pracovných síl |c Jana Bednáriková |
| 520 | |a Prehľad vybraných softvérových programov, ktoré sú vhodné pre prognózovanie migrácie pracovných síl. | ||
| 610 | 2 | 0 | |a trh práce |
| 610 | 2 | 0 | |a sily pracovné |
| 610 | 2 | 0 | |a migrácia |
| 610 | 2 | 0 | |a softvér |
| 610 | 2 | 0 | |a programy počítačové |
| 100 | 1 | |a Bednáriková, Jana | |